000
00293nam a2200145Ia 4500
100
_a
Akhmetov/ N
650
_a
Chemistry
942
_c
BK
654
_a
INorganic
245
_a
Inorganic Chemistry
260
_b
Mir Publishers
_c
1973
082
_a
546
300
_a
565
546
_a
ENGLISH
999
_c
18399
_d
18399